My Singing Monsters: All Monsters - Statistics

General Stats
  • This quiz has been taken 137 times
  • The average score is 111 of 200
Answer Stats
Picture Answer % Correct
Do
92%
Re
89%
Fa
87%
Ti
84%
Mi
83%
Shugabush
83%
La
82%
Tweedle
82%
Furcorn
81%
Maw
81%
Potbelly
81%
Mammott
80%
Noggin
80%
Toe Jammer
79%
PomPom
78%
Riff
78%
Sol
78%
Wubbox
78%
Bowgart
77%
Fwog
77%
Hoola
77%
Oaktopus
77%
Ghazt
76%
Thumpies
76%
T-Rox
76%
Drumpler
75%
Reedling
75%
Dandidoo
74%
Kayna
74%
G'joob
73%
Pummel
73%
Shugabass
72%
Stogg
72%
Clamble
71%
Scups
70%
Gob
69%
Pango
69%
Quarrister
69%
Shellbeat
69%
Strombonin
69%
Blabbit
68%
Congle
68%
Deedge
68%
Quibble
68%
Reebro
68%
Cybop
67%
Shrubb
67%
Shugabeats
67%
Whisp
67%
Entbrat
66%
Floot Fly
66%
Shugavox
66%
Tawkerr
66%
Yool
66%
Punkleton
65%
Sox
65%
Spunge
65%
Grumpyre
64%
Hyehehe
64%
Jeeode
64%
Anglow
63%
Barrb
63%
Pladdie
63%
Tring
63%
Yawstrich
63%
Zynth
63%
Humbug
62%
Sooza
62%
Blow't
61%
Brump
61%
Fung Pray
61%
Phangler
61%
Rootitoot
61%
Clackula
60%
Flowah
60%
Gnarls
59%
Repatillo
59%
Shugajo
59%
Tympa
59%
Yelmut
59%
Glowl
58%
Parlsona
58%
Peckidna
58%
PongPing
58%
Dermit
57%
Dragong
57%
Whaddle
57%
Ziggurab
57%
Arackulele
56%
Enchantling
56%
Pixolotl
56%
Poewk
56%
Spurrit
56%
X'rt
56%
Zuuker
56%
Banjaw
55%
Bonkers
55%
Boskus
55%
Floogull
55%
G'day
55%
Monculus
55%
Tapricorn
55%
Theremind
55%
Maggpi
54%
Mimic
54%
Mushaboom
54%
Nebulob
54%
Poppette
54%
Thwok
54%
Glowbe
53%
Jellbilly
53%
Meebkin
53%
Screemu
53%
Astropod
52%
Bona-Petite
52%
Bowhead
52%
Buzzinga
52%
Dwumrohl
52%
Sneyser
52%
Thrumble
52%
Tiawa
52%
TooToo
52%
Whajje
52%
Bridg-it
51%
Edamimi
51%
Gloptic
51%
Hawlo
51%
HippityHop
51%
Roarick
51%
Bleatnik
50%
Drummidary
50%
Krillby
50%
Maulch
50%
Plinkajou
50%
Rooba
50%
Shugitar
50%
Tuskski
50%
Woolabee
50%
Wynq
50%
Blarret
49%
Boo'qwurm
49%
shLep
49%
Uuduk
49%
Candelavra
48%
Creepuscule
48%
Fleechwurm
48%
Gheegur
48%
Nitebear
48%
Pinghound
48%
Scargo
48%
Shugabuzz
48%
Shugarock
48%
Spytrap
48%
Viveine
48%
Withur
48%
Xyster
48%
Auglur
47%
Cherubble
47%
Clavi Gnat
47%
Flum Ox
47%
Incisaur
47%
Pluckbill
47%
Whiz-bang
47%
Attmoz
46%
Cantorell
46%
Denchuhs
46%
Flasque
46%
Frondley
46%
Gobbleygourd
46%
Pentumbra
46%
Boodoo
45%
Cranchee
45%
Déjà-Jin
45%
Knucklehead
45%
Owlesque
45%
Schmoochle
45%
Vhenshun
45%
Bellowfish
44%
Bisonorus
44%
Blipsqueak
44%
Furnoss
44%
Osstax
44%
Yuggler
44%
Ffidyll
43%
Gaddzooks
43%
Hairionette
43%
BeMeebEth
42%
Cahoot
42%
Clavavera
42%
Squot
42%
Whaill
42%
Wimmzies
42%
Bulbo
41%
Fiddlement
41%
Plixie
41%
Stoowarb
41%
Torrt
41%
Yooreek
41%
Carillong
40%
Cataliszt
40%
Fluoress
40%
Knurv
40%
Loodvigg
40%
Scaratar
40%
Blasoom
39%
Galvana
39%
Jam Boree
39%
Kazilleon
39%
Oogiddy
39%
Bogle
38%
Larvaluss
37%
Sporerow
37%
Syncopite
37%
Vhamp
37%
Hornacle
36%
Periscorp
36%
Glaishur
35%
Phosphoran Phlox
35%
Wheezel
35%
Cruv'laaphtian Crocus
34%
Arcorina
33%
Piplash
33%
Lowb
32%
Rhysmuth
28%
No matching quizzes found
Score Distribution
Percent of People with Each Score
Percentile by Number Answered
Your Score History
You have not taken this quiz